30 Movies from 2016 Quiz Stats

 Plays Quiz Updated Jul 15, 2018

Challenge
Share
Tweet
Score 0/30 Timer 10:00
8 Plays Today
% Correct
The Jungle Book
96.8%
Deadpool
91.4%
Moana
90.7%
Finding Dory
87.6%
Zootopia
80.5%
Sully
77%
The BFG
76.2%
Fantastic Beasts and Where to Find Them
75.2%
Jackie
64.3%
Hidden Figures
59.2%
Rogue One: A Star Wars Story
55.2%
The Accountant
54.4%
Batman v Superman: Dawn of Justice
52.9%
Arrival
51.4%
La La Land
48.6%
% Correct
Hacksaw Ridge
46.2%
The Secret Life of Pets
43.9%
10 Cloverfield Lane
41.1%
Keanu
34.8%
War Dogs
34.2%
Snowden
31.3%
Whiskey Tango Foxtrot
31.1%
Swiss Army Man
24.3%
Hell or High Water
22.6%
13 Hours: The Secret Soldiers of Benghazi
22.3%
Captain Fantastic
18.3%
Silence
18.3%
Allied
16.3%
Hail, Caesar!
13.6%
Midnight Special
7.9%

You're not logged in!

Compare scores with friends on all Sporcle quizzes.
Join for Free
OR
Log In

You Might Also Like...

Show Comments

Extras

Top Quizzes Today


Score Distribution

Your Account Isn't Verified!

In order to create a playlist on Sporcle, you need to verify the email address you used during registration. Go to your Sporcle Settings to finish the process.

Report this User

Report this user for behavior that violates our Community Guidelines.

Details: